[Event "Jihocesky sachovy svaz,"]
[Site ""]
[Date "2024.10.20"]
[Round "1.1.1"]
[White "Grill, Roman"]
[Black "Karolyi, Lukas"]
[Result "1-0"]
[WhiteFideId "314595"]
[BlackFideId "23722940"]
[WhiteElo "2096"]
[BlackElo "1822"]
[PlyCount "0"]
[WhiteTeam "Chess Club Pisek B"]
[BlackTeam "Chess Club Pisek C"]
[EventDate "2024.10.20"]

1. Nf3 Nf6 2. g3 g6 3. Bg2 Bg7 4. c4 c5 5. Nc3 O-O 6. O-O Nc6 7. d4 cxd4 8. Nxd4 Qb6 9. Nc2 d6 10. b3 Qa5 11. Nb5 a6 12. Bd2 Qb6 13. Be3 Qa5 14. Bd2 Qb6 15. Nc3 Bd7 16. Rc1 Rae8 17. Ne3 e6 18. Na4 Qc7 19. b4 b5 20. Nb2 bxc4 21. Nexc4 d5 22. Na5 Ne4 23. Bf4 Nd6 24. Nd3 e5 25. Bxd5 exf4 26. Nxc6 Bg4 27. Nce5 Bxe2 28. Qxe2 Qe7 29. Rfe1 Qg5 30. h4 1-0

[Event "Jihocesky sachovy svaz,"]
[Site ""]
[Date "2024.10.20"]
[Round "1.1.2"]
[White "Tejnor, Martin"]
[Black "Klicnar, Martin"]
[Result "1/2-1/2"]
[WhiteFideId "23726660"]
[BlackFideId "308005"]
[WhiteElo "1678"]
[BlackElo "2068"]
[PlyCount "0"]
[WhiteTeam "Chess Club Pisek C"]
[BlackTeam "Chess Club Pisek B"]
[EventDate "2024.10.20"]

1. e4 c5 2. Nf3 e6 3. Nc3 a6 4. d4 cxd4 5. Nxd4 Qc7 6. Be3 Bb4 7. Nde2 Nc6 8. g3 Nf6 9. Bg2 O-O 10. O-O b6 11. a3 Be7 12. Nd4 Bb7 13. Qe2 d6 14. Rfe1 b5 15. Nxc6 Bxc6 16. Rad1 Qb7 17. Bf4 Rfd8 18. Na2 a5 19. Nc1 d5 1/2-1/2

[Event "Jihocesky sachovy svaz,"]
[Site ""]
[Date "2024.10.20"]
[Round "1.1.3"]
[White "Matejka, Radek"]
[Black "Jares, Jiri"]
[Result "1/2-1/2"]
[WhiteFideId "333328"]
[BlackFideId "341932"]
[WhiteElo "1994"]
[BlackElo "1839"]
[PlyCount "0"]
[WhiteTeam "Chess Club Pisek B"]
[BlackTeam "Chess Club Pisek C"]
[EventDate "2024.10.20"]

1. e4 d6 2. d4 c6 3. f4 Nf6 4. Nc3 g6 5. Nf3 Bg7 6. a4 b6 7. Be2 Na6 8. O-O Nc7 9. Qe1 Qd7 10. Kh1 Bb7 11. Be3 e6 12. Rd1 h5 13. f5 gxf5 14. Bg5 Nxe4 15. Nxe4 fxe4 16. Ne5 Bxe5 17. dxe5 d5 18. Qh4 f5 19. Bxh5+ Rxh5 20. Qxh5+ Qf7 21. Qh4 Kd7 22. Qxe4 Ba6 23. c4 Rg8 24. Qf4 Qh5 25. h4 Kc8 26. b3 dxc4 27. bxc4 Bxc4 28. Rfe1 Bd5 29. Rd3 Be4 30. Rd6 c5 31. Rxe4 fxe4 32. g4 Qg6 33. Qf6 Qe8 34. a5 Rf8 35. Qg7 Rf1+ 36. Kg2 Qb5 37. Rd8+ Kb7 38. Rd2 Qb1 39. Be3 Qe1 40. Qg5 Nd5 41. Bf2 Qc1 42. axb6 axb6 43. Qg7+ Ka6 44. Qf8 Ne3+ 45. Kg3 Rg1+ 46. Kf4 Rxg4+ 47. Kxe3 Qc3+ 1/2-1/2

[Event "Jihocesky sachovy svaz,"]
[Site ""]
[Date "2024.10.20"]
[Round "1.1.4"]
[White "Zinchuk, Volodymyr"]
[Black "Velychko, Maksym"]
[Result "0-1"]
[WhiteFideId "23762144"]
[BlackFideId "23755334"]
[WhiteElo "1681"]
[BlackElo "1920"]
[PlyCount "0"]
[WhiteTeam "Chess Club Pisek C"]
[BlackTeam "Chess Club Pisek B"]
[EventDate "2024.10.20"]

1. e4 e6 2. d4 d5 3. e5 c5 4. c3 Nc6 5. Nf3 Qb6 6. Bd3 Bd7 7. Bc2 cxd4 8. cxd4 Nge7 9. Nc3 Ng6 10. b3 Be7 11. b4 0-1

[Event "Jihocesky sachovy svaz,"]
[Site ""]
[Date "2024.10.20"]
[Round "1.1.5"]
[White "Hlavsa, Filip"]
[Black "Dobes, Marek"]
[Result "1-0"]
[WhiteFideId "336599"]
[BlackFideId "23764457"]
[WhiteElo "1931"]
[BlackElo "1685"]
[PlyCount "0"]
[WhiteTeam "Chess Club Pisek B"]
[BlackTeam "Chess Club Pisek C"]
[EventDate "2024.10.20"]

1. g3 d5 2. Bg2 Nf6 3. c4 c6 4. Nf3 Bf5 5. Qb3 Qb6 6. Qxb6 axb6 7. cxd5 cxd5 8. Nc3 e6 9. Nd4 Bg6 10. O-O Be7 11. d3 O-O 12. e4 Nc6 13. Ndb5 d4 14. Ne2 e5 15. f4 exf4 16. gxf4 Bc5 17. f5 Ra5 18. a4 Bh5 1-0

[Event "Jihocesky sachovy svaz,"]
[Site ""]
[Date "2024.10.20"]
[Round "1.1.6"]
[White "Topka, Ondrej"]
[Black "Bures, Jiri"]
[Result "0-1"]
[WhiteFideId "23745444"]
[BlackFideId "341703"]
[WhiteElo "1634"]
[BlackElo "1961"]
[PlyCount "0"]
[WhiteTeam "Chess Club Pisek C"]
[BlackTeam "Chess Club Pisek B"]
[EventDate "2024.10.20"]

1. d4 Nf6 2. c4 g6 3. Nc3 Bg7 4. Nf3 O-O 5. e4 d6 6. Bd3 c5 7. d5 e6 8. O-O exd5 9. exd5 Nbd7 10. Bf4 Qb6 11. Qb1 Nh5 12. Be3 Ne5 13. Nxe5 Bxe5 14. Qc2 Qd8 15. Rfe1 Nf4 16. g3 Nh3+ 17. Kg2 Ng5 18. f4 Qd7 19. Kf2 Nh3+ 20. Kg2 Bg7 21. Qd2 a6 22. Be2 h5 23. a3 Re8 24. Bd3 Re7 25. Re2 Qe8 26. Ree1 Bg4 27. Bc2 Qd7 28. Bd1 Rae8 29. Bxg4 Qxg4 30. Bf2 Nxf2 31. Qxf2 Bd4 32. Qd2 h4 33. Rf1 Re2+ 34. Nxe2 Rxe2+ 35. Qxe2 Qxe2+ 0-1

[Event "Jihocesky sachovy svaz,"]
[Site ""]
[Date "2024.10.20"]
[Round "1.1.7"]
[White "Gdovin, Jan"]
[Black "Tesar, Daniel"]
[Result "1-0"]
[WhiteFideId "303984"]
[BlackFideId "23768290"]
[WhiteElo "1973"]
[BlackElo "1712"]
[PlyCount "0"]
[WhiteTeam "Chess Club Pisek B"]
[BlackTeam "Chess Club Pisek C"]
[EventDate "2024.10.20"]

1. e4 c6 2. d4 d5 3. exd5 cxd5 4. c4 Nf6 5. Nc3 e6 6. Nf3 Be7 7. Bd3 dxc4 8. Bxc4 Nc6 9. O-O O-O 10. Bg5 b6 11. Qd2 Bb7 12. Rad1 Rc8 13. Qe2 Nb4 14. Ne5 Nfd5 15. Bxe7 Nxe7 16. a3 Nbd5 17. Nxd5 Nxd5 18. g3 Qg5 19. f4 Qe7 20. Bd3 g6 21. Rfe1 Rc7 22. Ng4 h5 23. Ne5 h4 24. Qg4 hxg3 25. hxg3 Qf6 26. Kf2 Kg7 27. Bb1 Ne7 28. Qe2 Nf5 29. Ng4 Qd8 30. Qe5+ f6 31. Qxe6 Re7 32. Qc4 Rxe1 33. Kxe1 Qe7+ 34. Kf2 Re8 35. Qd3 Be4 36. Qxe4 Qxe4 37. Bxe4 Rxe4 38. d5 Nd6 39. Ne3 Kf7 40. Rc1 Re7 41. Kf3 f5 42. Rc6 Rd7 43. g4 Nb5 44. Rc4 Nd6 45. Rc2 fxg4+ 46. Nxg4 Ke8 1-0

[Event "Jihocesky sachovy svaz,"]
[Site ""]
[Date "2024.10.20"]
[Round "1.1.8"]
[White "Novak, Filip"]
[Black "Baloun, Tomas"]
[Result "0-1"]
[WhiteFideId "23768231"]
[BlackFideId "351350"]
[WhiteElo "1587"]
[BlackElo "1937"]
[PlyCount "0"]
[WhiteTeam "Chess Club Pisek C"]
[BlackTeam "Chess Club Pisek B"]
[EventDate "2024.10.20"]

1. e4 c5 2. Nf3 Nc6 3. Bc4 g6 4. O-O Bg7 5. c3 d6 6. h3 Nf6 7. Re1 O-O 8. d4 a6 9. dxc5 dxc5 10. Qxd8 Rxd8 11. e5 Nd5 12. a4 Bf5 13. g4 Bc2 14. Na3 Bxa4 15. Bxd5 Rxd5 16. Nc4 Rd3 17. Nb6 Rad8 18. Kg2 Bb3 19. Bf4 h6 20. Nd2 Rxd2 21. Bxd2 Rxd2 0-1

[Event "Jihocesky sachovy svaz,"]
[Site ""]
[Date "2024.10.20"]
[Round "1.2.1"]
[White "Slaby, Matej"]
[Black "Hejl, Jaroslav"]
[Result "1-0"]
[WhiteFideId "23734876"]
[BlackFideId "324809"]
[WhiteElo "2004"]
[BlackElo "2089"]
[PlyCount "0"]
[WhiteTeam "Sachklub Tabor"]
[BlackTeam "Traxler Veseli n.Luzn."]
[EventDate "2024.10.20"]

1. e4 c5 2. Nf3 Nc6 3. Bb5 g6 4. Bxc6 dxc6 5. d3 Bg7 6. h3 e5 7. b3 Qc7 8. Bb2 Ne7 9. Nbd2 O-O 10. a4 a5 11. Nc4 f6 12. Qd2 Be6 13. Qe3 b6 14. O-O g5 15. h4 g4 16. Nh2 Ng6 17. Qg3 Nf4 18. Rae1 b5 19. axb5 cxb5 20. Na3 Qd7 21. Bc1 Bh6 22. Nxg4 Bxg4 23. f3 Kh8 24. fxg4 Rg8 25. g5 fxg5 26. Bb2 Rae8 27. h5 g4 28. Rxf4 1-0

[Event "Jihocesky sachovy svaz,"]
[Site ""]
[Date "2024.10.20"]
[Round "1.2.2"]
[White "Fuciman, Ondrej"]
[Black "Merinsky, Vaclav"]
[Result "1-0"]
[WhiteFideId "396486"]
[BlackFideId "390062"]
[WhiteElo "1996"]
[BlackElo "1889"]
[PlyCount "0"]
[WhiteTeam "Traxler Veseli n.Luzn."]
[BlackTeam "Sachklub Tabor"]
[EventDate "2024.10.20"]

1. e4 e5 2. Nc3 Nf6 3. d4 Nc6 4. dxe5 Nxe5 5. f4 Nc6 6. e5 Ng8 7. Nf3 d6 8. Bb5 Bd7 9. O-O dxe5 10. Re1 Bc5+ 11. Be3 Bxe3+ 12. Rxe3 Nge7 13. Rd3 Qc8 14. Nd5 Nf5 15. fxe5 a6 16. Ba4 b5 17. Bb3 Be6 18. c4 O-O 19. cxb5 axb5 20. Rc1 Ra6 21. Rdc3 Qb7 22. g4 Nh6 23. Rxc6 Qa7+ 24. Qd4 Rxc6 25. Ne7+ Kh8 26. Nxc6 Qa8 27. Bxe6 fxe6 28. Ng5 Qe8 29. Qd3 g6 30. Rf1 Rxf1+ 31. Qxf1 Kg8 32. Qxb5 Kg7 33. Nd4 Qe7 34. Ndxe6+ Kh8 35. Qb8+ Ng8 36. Qxc7 1-0

[Event "Jihocesky sachovy svaz,"]
[Site ""]
[Date "2024.10.20"]
[Round "1.2.3"]
[White "Martinkovic, Adam"]
[Black "Picha, Lukas"]
[Result "1/2-1/2"]
[WhiteFideId "23728019"]
[BlackFideId "23730056"]
[WhiteElo "1867"]
[BlackElo "1908"]
[PlyCount "0"]
[WhiteTeam "Sachklub Tabor"]
[BlackTeam "Traxler Veseli n.Luzn."]
[EventDate "2024.10.20"]
1. d4 Nf6 2. Nf3 d5 3. c4 e6 4. g3 Be7 5. Bg2 O-O 6. O-O c5 7. cxd5 exd5 8. Nc3 Nc6 9. h3 Be6 10. Be3 b6 11. Rc1 a6 12. Ne5 Qc7 13. Nxc6 Qxc6 14. b3 cxd4 15. Nxd5 Qd6 16. Nxe7+ Qxe7 17. Qxd4 Nd5 18. Rfd1 Rad8 19. Bxd5 Rxd5 20. Qxb6 Bxh3 21. Rxd5 Qe4 22. f3 Qxd5 23. Qxa6 Re8 24. Qb6 Qe5 25. Kf2 f5 26. Qd4 Qe7 27. Rh1 f4 28. Qxf4 Bg4 29. Rc1 Be6 30. Rc7 Qd8 31. Bd4 Bd7 32. Qd6 Rxe2+ 33. Kg1 Re1+ 34. Kf2 Re2+ 35. Kg1 Re1+ 36. Kf2 Re2+ 1/2-1/2

[Event "Jihocesky sachovy svaz,"]
[Site ""]
[Date "2024.10.20"]
[Round "1.2.4"]
[White "Sykora, Ladislav"]
[Black "Malimanek, Marek"]
[Result "1/2-1/2"]
[WhiteFideId "342440"]
[BlackFideId "396508"]
[WhiteElo "1836"]
[BlackElo "1799"]
[PlyCount "0"]
[WhiteTeam "Traxler Veseli n.Luzn."]
[BlackTeam "Sachklub Tabor"]
[EventDate "2024.10.20"]

1. e4 e5 2. Nf3 Nc6 3. Bc4 Bc5 4. c3 Nf6 5. d4 exd4 6. cxd4 Bb4+ 7. Nc3 Nxe4 8. O-O Bxc3 9. d5 Ne7 10. bxc3 d6 11. Re1 Nc5 12. Bg5 f6 13. Be3 Nd7 14. Bb5 O-O 15. Nd4 Nc5 16. Nb3 Nxb3 17. axb3 c6 18. dxc6 bxc6 19. Ba6 Nf5 20. Bxc8 Qxc8 21. Rxa7 Rxa7 22. Bxa7 c5 23. Qd5+ Kh8 24. Bb6 g6 25. Ba5 h5 26. h3 Re8 27. Re4 Rxe4 28. Qxe4 Qd7 29. Qa8+ Kg7 30. Qb8 d5 31. Qc7 Qxc7 32. Bxc7 d4 33. g4 hxg4 34. hxg4 Nh4 35. cxd4 Nf3+ 36. Kf1 Nxd4 37. Ke1 Nxb3 38. Kd1 Nd4 39. Bd6 Ne6 40. Kd2 Kh6 41. f4 f5 42. gxf5 gxf5 43. Ke3 Kh5 44. Kf3 Kh4 45. Be5 Nd4+ 46. Ke3 Kg3 47. Kd3 Kf3 48. Kc4 Ne6 49. Bd6 Ke4 50. Bb8 Nxf4 51. Kxc5 Nd3+ 52. Kc4 Ne5+ 53. Kc3 f4 54. Kd2 Nf3+ 55. Ke2 Nd4+ 56. Kf2 f3 57. Ba7 Nf5 58. Bb6 Nh6 59. Kg3 1/2-1/2

[Event "Jihocesky sachovy svaz,"]
[Site ""]
[Date "2024.10.20"]
[Round "1.2.5"]
[White "Lenc, Bohumil"]
[Black "Hejl, Vojtech"]
[Result "1-0"]
[WhiteFideId "329304"]
[BlackFideId "333247"]
[WhiteElo "1893"]
[BlackElo "1811"]
[PlyCount "0"]
[WhiteTeam "Sachklub Tabor"]
[BlackTeam "Traxler Veseli n.Luzn."]
[EventDate "2024.10.20"]

1. c4 Nf6 2. Nc3 g6 3. e4 d6 4. d4 Nbd7 5. Be2 c5 6. Nf3 Bg7 7. O-O b6 8. d5 Ba6 9. Bf4 Ng4 10. h3 Nge5 11. Nxe5 Nxe5 12. Qa4+ 1-0

[Event "Jihocesky sachovy svaz,"]
[Site ""]
[Date "2024.10.20"]
[Round "1.2.6"]
[White "Petkov, Andon"]
[Black "Straka, Zdenek"]
[Result "1-0"]
[WhiteFideId "337854"]
[BlackFideId "315494"]
[WhiteElo "1802"]
[BlackElo "1806"]
[PlyCount "0"]
[WhiteTeam "Traxler Veseli n.Luzn."]
[BlackTeam "Sachklub Tabor"]
[EventDate "2024.10.20"]

1. d4 d6 2. Nf3 Nd7 3. e4 e5 4. Bc4 Be7 5. Nc3 Ngf6 6. Ng5 O-O 7. Bxf7+ Rxf7 8. Ne6 Qe8 9. Nxc7 Qd8 10. Nxa8 a6 11. a4 b6 12. dxe5 dxe5 13. Nd5 Bb7 14. Nac7 Nxe4 15. O-O Bd6 16. Ne6 Qh4 17. f3 Nec5 18. Ng5 e4 19. f4 Rf5 20. c4 Rxg5 21. Ne7+ Bxe7 22. fxg5 Nd3 23. Be3 N7e5 24. Qe2 Ng4 25. g3 Qh3 26. Bxb6 e3 27. Bxe3 Nxe3 28. Rf3 Bxf3 29. Qxf3 Bc5 30. Kh1 Ng4 31. Qa8+ Kf7 32. Qf3+ Kg6 33. Qxd3+ Kf7 34. Rf1+ Bf2 35. Qf3+ Kg6 36. Rxf2 Nxf2+ 37. Qxf2 Kxg5 38. Qf4+ Kg6 39. Kg1 Qd7 40. Qe4+ Kh6 41. Qc2 g5 42. c5 Qd4+ 43. Kg2 g4 44. Qc3 Qxa4 45. b4 Qa2+ 46. Kf1 Qxh2 47. Qf6+ Kh5 48. Qh4+ Qxh4 49. gxh4 Kxh4 50. Kg2 Kg5 51. c6 Kf6 1-0

[Event "Jihocesky sachovy svaz,"]
[Site ""]
[Date "2024.10.20"]
[Round "1.2.7"]
[White "Mrazik, Marek"]
[Black "Faflik, Jaromir"]
[Result "1-0"]
[WhiteFideId "23754737"]
[BlackFideId "23764465"]
[WhiteElo "1684"]
[BlackElo "1735"]
[PlyCount "0"]
[WhiteTeam "Sachklub Tabor"]
[BlackTeam "Traxler Veseli n.Luzn."]
[EventDate "2024.10.20"]

1. e4 c5 2. Nf3 e6 3. d4 cxd4 4. Nxd4 Nc6 5. Nc3 a6 6. Be2 Qc7 7. Be3 Nf6 8. O-O b5 9. Nxc6 dxc6 10. Bf3 Bb7 11. Qe2 Bd6 12. g3 O-O 13. Bg2 c5 14. Bg5 Be5 15. f4 Bd4+ 16. Kh1 Rfe8 17. Nd1 c4 18. c3 Bc5 19. Bxf6 gxf6 20. Nf2 Bxf2 21. Rxf2 Rad8 22. Re1 Qc5 23. Qg4+ Kf8 24. Rfe2 Ke7 25. Qh4 e5 26. fxe5 Qxe5 27. Rf2 Bc8 28. Ref1 Rd6 29. Qxh7 Qg5 30. e5 Qxe5 31. Rf4 Re6 32. Qg7 Bd7 33. Rf5 Qd6 34. Rd5 Qc7 35. Rfd1 Bc6 36. R5d2 Bxg2+ 37. Kxg2 Qc6+ 38. Kh3 Qc8 39. Rd7+ Qxd7 40. Rxd7+ Kxd7 41. Qxf7+ R8e7 42. Qh5 Re5 43. Qf3 R7e6 44. Qb7+ Ke8 45. b3 cxb3 46. axb3 Re4 47. Qc8+ Kf7 48. c4 bxc4 49. bxc4 f5 50. c5 Re2 51. Qd7+ Kg6 52. c6 Re7 53. Qd6+ Kg5 54. Qf4+ Kg6 55. g4 R7e3+ 56. Kh4 fxg4 57. Qxg4+ Kf6 58. Qd4+ Kf5 59. Qd5+ Kf4 60. Qf7+ Ke5 61. h3 Re4+ 62. Kh5 Rc2 63. Qe7+ Kf4 64. Qd6+ Ke3 65. Qg3+ Kd2 66. Qg2+ Kc1 67. Qxe4 1-0

[Event "Jihocesky sachovy svaz,"]
[Site ""]
[Date "2024.10.20"]
[Round "1.2.8"]
[White "Hajicek, Matyas"]
[Black "Slechta, Adam"]
[Result "1-0"]
[WhiteFideId "23764481"]
[BlackFideId "23734450"]
[WhiteElo "1649"]
[BlackElo "1715"]
[PlyCount "0"]
[WhiteTeam "Traxler Veseli n.Luzn."]
[BlackTeam "Sachklub Tabor"]
[EventDate "2024.10.20"]

1. e4 g6 2. d4 Bg7 3. Nf3 d6 4. Be3 Nf6 5. Nc3 c6 6. Qd2 b5 7. Bd3 O-O 8. h3 Bb7 9. Bh6 Nbd7 10. Bxg7 Kxg7 11. e5 dxe5 12. Nxe5 Nxe5 13. dxe5 Nd5 14. h4 a5 15. h5 Rh8 16. h6+ Kg8 17. e6 Qd6 18. exf7+ Kxf7 19. Ne4 Qe5 20. O-O-O Nf4 21. Rde1 Nxd3+ 22. cxd3 Ke8 23. d4 Qe6 24. Qf4 Kd8 25. Nc5 Qc4+ 26. Kb1 Bc8 27. Rxe7 Bf5+ 28. Ka1 Kxe7 29. Re1+ Be6 30. Qc7+ Kf6 31. Qg7+ Kf5 32. Qe5+ Kg4 33. Re4# 1-0

[Event "Jihocesky sachovy svaz,"]
[Site ""]
[Date "2024.10.20"]
[Round "1.3.1"]
[White "Zilavy, Jan"]
[Black "Simunek, Jakub Simon"]
[Result "1-0"]
[WhiteFideId "350141"]
[BlackFideId "23709464"]
[WhiteElo "2133"]
[BlackElo "2093"]
[PlyCount "0"]
[WhiteTeam "Sokol Tabor B"]
[BlackTeam "VSTE Ceske Budejovice"]
[EventDate "2024.10.20"]

1. d4 d5 2. c4 c6 3. Nf3 Nf6 4. Nc3 e6 5. Bg5 Nbd7 6. e3 Qa5 7. Bxf6 Nxf6 8.
Qc2 Bb4 9. Nd2 O-O 10. Be2 dxc4 11. Nxc4 Bxc3+ 12. bxc3 Qc7 13. O-O c5 14. Bf3
Rb8 15. Rfc1 b5 16. Ne5 Bb7 17. Qe2 Bxf3 18. Qxf3 Rfc8 19. Nd3 Nd7 20. h3 c4
21. Nf4 a5 22. e4 b4 23. cxb4 axb4 24. d5 e5 25. Nh5 Qd6 26. Qg4 g6 27. Qxd7
1-0

[Event "Jihocesky sachovy svaz,"]
[Site ""]
[Date "2024.10.20"]
[Round "1.3.2"]
[White "Novak, Martin"]
[Black "Kotleska, Roman"]
[Result "1-0"]
[WhiteFideId "364096"]
[BlackFideId "23735570"]
[WhiteElo "2012"]
[BlackElo "2010"]
[PlyCount "0"]
[WhiteTeam "VSTE Ceske Budejovice"]
[BlackTeam "Sokol Tabor B"]
[EventDate "2024.10.20"]

1. e4 d5 2. exd5 Nf6 3. d4 Bg4 4. f3 Bf5 5. Bb5+ Nbd7 6. c4 a6 7. Ba4 b5 8.
cxb5 Nxd5 9. a3 e5 10. Ne2 exd4 11. Nxd4 Bxb1 12. Rxb1 Bc5 13. Nf5 N5b6 14.
Nxg7+ Kf8 15. Nf5 Qf6 16. Bc2 h5 17. b4 Qe6+ 18. Qe2 Bd6 19. Qxe6 fxe6 20. Nd4
e5 21. Ne6+ Ke7 22. Bb3 axb5 23. Ke2 Nc4 24. Bxc4 bxc4 25. Ng5 Rhg8 26. g3 Nb6
27. Ne4 Nd5 28. Rd1 Ke6 29. Rxd5 Kxd5 30. Nf6+ Ke6 31. Nxg8 Rxg8 32. Bb2 h4 33.
g4 e4 34. h3 exf3+ 35. Kxf3 Rf8+ 36. Ke3 Bf4+ 37. Kd4 Be5+ 38. Kxc4 Bxb2 39.
Rxb2 Rf3 40. Rb3 Rg3 41. Rd3 Rg1 42. a4 Rc1+ 43. Kb5 Rg1 44. a5 Ra1 45. Kc6
Rc1+ 46. Kb7 Rb1 47. Kxc7 Rxb4 48. Rd6+ Ke7 49. a6 Ra4 50. g5 Ra3 51. Rb6 Rxh3
52. Kb8 1-0

[Event "Jihocesky sachovy svaz,"]
[Site ""]
[Date "2024.10.20"]
[Round "1.3.3"]
[White "Rosenzweig, Vladimir"]
[Black "Kukla, Petr"]
[Result "1/2-1/2"]
[WhiteFideId "319546"]
[BlackFideId "334952"]
[WhiteElo "1992"]
[BlackElo "2074"]
[PlyCount "0"]
[WhiteTeam "Sokol Tabor B"]
[BlackTeam "VSTE Ceske Budejovice"]
[EventDate "2024.10.20"]

1. e4 e6 2. d4 d5 3. e5 c5 4. c3 Nc6 5. Nf3 Bd7 6. Be2 Nge7 7. O-O Qb6 8. Na3
cxd4 9. cxd4 Nf5 10. Nc2 Be7 11. Bd3 a5 12. Bxf5 exf5 13. Bg5 O-O 14. Qd2 Be6
15. Bxe7 Nxe7 16. Rfc1 Rfc8 17. Nce1 Nc6 18. Rc3 Nb4 19. a3 Rxc3 20. bxc3 Nc6
21. Nd3 Rc8 22. Nc5 Qc7 23. Rb1 b6 24. Na4 Rb8 25. Rb3 Ne7 26. Qb2 Nc8 27. Nc5
Qc6 28. Ng5 h6 29. Ngxe6 fxe6 30. g4 Ne7 31. Na6 Rb7 32. Nc5 Rb8 33. Na6
1/2-1/2

[Event "Jihocesky sachovy svaz,"]
[Site ""]
[Date "2024.10.20"]
[Round "1.3.4"]
[White "Fojtach, Ivan"]
[Black "Hruby, Milan"]
[Result "0-1"]
[WhiteFideId "316962"]
[BlackFideId "322563"]
[WhiteElo "1966"]
[BlackElo "1963"]
[PlyCount "0"]
[WhiteTeam "VSTE Ceske Budejovice"]
[BlackTeam "Sokol Tabor B"]
[EventDate "2024.10.20"]

1. Nf3 d5 2. c4 e6 3. d4 c5 4. cxd5 exd5 5. g3 Nc6 6. Bg2 Nf6 7. Nc3 cxd4 8.
Nxd4 Bc5 9. Nb3 Bb6 10. Nxd5 Be6 11. Nxf6+ Qxf6 12. O-O O-O 13. Nd2 Rfd8 14.
Ne4 Qe5 15. Qe1 Nd4 16. Bf4 Qb5 17. Nc3 Qxb2 18. Rb1 Qxc3 19. Qxc3 Nxe2+ 20.
Kh1 Nxc3 21. Bxb7 Nxb1 22. Rxb1 Bd5+ 0-1

[Event "Jihocesky sachovy svaz,"]
[Site ""]
[Date "2024.10.20"]
[Round "1.3.5"]
[White "Chalupecky, Vladimir"]
[Black "Garabik, Marek"]
[Result "0-1"]
[WhiteFideId "317039"]
[BlackFideId "23717742"]
[WhiteElo "1950"]
[BlackElo "1866"]
[PlyCount "0"]
[WhiteTeam "Sokol Tabor B"]
[BlackTeam "VSTE Ceske Budejovice"]
[EventDate "2024.10.20"]

1. e4 e6 2. d4 d5 3. Nc3 Nf6 4. Bg5 Bb4 5. e5 h6 6. exf6 hxg5 7. fxg7 Rg8 8. h4
gxh4 9. Qh5 Qf6 10. Qxh4 Qxg7 11. Rh3 Be7 12. Qh7 Qxh7 13. Rxh7 Nd7 14. Nb5 Bd8
15. O-O-O Nf6 16. Rh3 Ne4 17. Ra3 c6 18. f3 cxb5 19. fxe4 dxe4 20. Bxb5+ Bd7
21. Bxd7+ Kxd7 22. g3 Bc7 23. Ne2 f5 24. c4 a6 25. Rb3 Rab8 26. d5 e5 27. Rh1
Rg7 28. c5 Bd8 29. Kd1 Be7 30. c6+ Kc7 31. Rh6 b6 32. Re6 Bd6 33. Nc3 Rbg8 34.
Ne2 Rg6 35. Rxg6 Rxg6 36. Ke1 Bc5 37. a3 Rg8 38. Rc3 Bd4 39. Nxd4 exd4 40. Rc4
d3 41. Kf2 b5 42. Rc5 Kd6 43. b4 Rg7 44. Rc3 Rc7 45. Rc5 Rc8 46. Ke3 Rg8 47.
Kf2 Rh8 48. Ke3 Rc8 49. Kf2 Rg8 50. Ke1 e3 51. Rc3 Rxg3 52. Rxd3 f4 53. Rc3 1-0

[Event "Jihocesky sachovy svaz,"]
[Site ""]
[Date "2024.10.20"]
[Round "1.3.6"]
[White "Rolinek, Frantisek"]
[Black "Hasek, Vaclav"]
[Result "1-0"]
[WhiteFideId "384577"]
[BlackFideId "310271"]
[WhiteElo "1857"]
[BlackElo "1946"]
[PlyCount "0"]
[WhiteTeam "VSTE Ceske Budejovice"]
[BlackTeam "Sokol Tabor B"]
[EventDate "2024.10.20"]

1. e4 e6 2. d4 d5 3. e5 c5 4. c3 Nc6 5. Nf3 cxd4 6. cxd4 Bb4+ 7. Bd2 Bxd2+ 8.
Qxd2 Nge7 9. g4 h5 10. Rg1 g6 11. h3 Bd7 12. Nc3 a6 13. Ng5 Qb6 14. O-O-O hxg4
15. hxg4 Rf8 16. Nh7 Rh8 17. Nf6+ Kd8 18. Na4 Qb4 19. Qxb4 Nxb4 20. Nb6 Rc8+
21. Nxc8 Bxc8 22. a3 Nbc6 23. f4 b5 24. Rg3 Kc7 25. Rh3 Rxh3 26. Bxh3 Kb6 27.
Ne8 Bd7 28. Nd6 Nd8 29. Rd3 Nec6 30. Kc2 Kc7 31. g5 Ne7 32. Rf3 Nf5 33. Bxf5
exf5 34. Kc3 Be6 35. Rh3 Nb7 36. Ne8+ Kd7 37. Nf6+ Ke7 38. Rh8 Bd7 39. Nxd5+
Ke6 40. Nc7+ Ke7 41. d5 1-0

[Event "Jihocesky sachovy svaz,"]
[Site ""]
[Date "2024.10.20"]
[Round "1.3.7"]
[White "Mindl, Josef"]
[Black "Berkovec, Josef"]
[Result "1/2-1/2"]
[WhiteFideId "310549"]
[BlackFideId "23727098"]
[WhiteElo "1944"]
[BlackElo "1719"]
[PlyCount "0"]
[WhiteTeam "Sokol Tabor B"]
[BlackTeam "VSTE Ceske Budejovice"]
[EventDate "2024.10.20"]

1. e4 e5 2. Nf3 Nf6 3. d4 Nxe4 4. Bd3 d5 5. Nxe5 Nd7 6. Nxd7 Bxd7 7. O-O Be7 8.
c4 c6 9. Nc3 Nxc3 10. bxc3 dxc4 11. Bxc4 O-O 12. Rb1 b6 13. Qf3 Qc8 14. Re1 Bf6
15. Bf4 Re8 16. Be5 Be6 17. Bxf6 Bxc4 18. Qg3 g6 19. a3 Re6 20. Be5 Qe8 21. f3
Qf8 22. Ra1 Rae8 23. a4 Qe7 24. Red1 f6 25. Bf4 a6 1/2-1/2

[Event "Jihocesky sachovy svaz,"]
[Site ""]
[Date "2024.10.20"]
[Round "1.4.1"]
[White "Dolansky, Lukas"]
[Black "Svoboda, Petr"]
[Result "1-0"]
[WhiteFideId "367060"]
[BlackFideId "23726652"]
[WhiteElo "2134"]
[BlackElo "1831"]
[PlyCount "0"]
[WhiteTeam "Spartak Kaplice"]
[BlackTeam "Slavia Ceske Budejovice"]
[EventDate "2024.10.20"]

1. c4 f5 2. d4 Nf6 3. Nf3 g6 4. Nc3 Bg7 5. g3 O-O 6. Bg2 d6 7. O-O c6 8. d5 e5 9. dxe6 Bxe6 10. b3 Ne4 11. Nxe4 fxe4 12. Nd4 Bf5 13. Rb1 e3 14. Nxf5 exf2+ 15. Rxf2 Rxf5 16. Rxf5 gxf5 17. Bf4 Qb6+ 18. Kh1 Be5 19. Bxe5 dxe5 20. Qd6 Na6 21. Qe6+ Kg7 22. Qxe5+ Kg6 23. Qe6+ Kg5 24. Rf1 Qc5 25. h4+ Kg4 26. Kh2 { 1-0 White wins. } 1-0

[Event "Jihocesky sachovy svaz,"]
[Site ""]
[Date "2024.10.20"]
[Round "1.4.2"]
[White "Hemr, Adam"]
[Black "Mraz, Miroslav"]
[Result "0-1"]
[WhiteFideId "364541"]
[BlackFideId "310654"]
[WhiteElo "1904"]
[BlackElo "2045"]
[PlyCount "0"]
[WhiteTeam "Slavia Ceske Budejovice"]
[BlackTeam "Spartak Kaplice"]
[EventDate "2024.10.20"]

1. d4 d5 2. Nf3 Nf6 3. Bf4 Bf5 4. e3 e6 5. Bd3 Bxd3 6. Qxd3 c6 7. Nbd2 Bd6 8. Ne5 Bxe5 9. dxe5 Nfd7 10. c4 Na6 11. O-O O-O 12. cxd5 exd5 13. Bg3 Qe7 14. f4 f6 15. exf6 Nxf6 16. Bh4 Rae8 17. Rae1 Nc5 18. Qc2 Nce4 19. Nf3 Qc7 20. h3 Nd7 21. Nd4 Qb6 22. f5 Ne5 23. Rf4 Nc4 24. Bf2 Qxb2 25. Qxb2 Nxb2 26. Rb1 Nd3 27. Rxb7 Nxf4 28. exf4 Nxf2 29. Kxf2 Rf7 30. Rb2 c5 31. Nf3 Rxf5 32. g4 Rxf4 33. Kg3 Rb4 { 0-1 Black wins. } 0-1

[Event "Jihocesky sachovy svaz,"]
[Site ""]
[Date "2024.10.20"]
[Round "1.4.4"]
[White "Chalupsky, Josef"]
[Black "Muzikar, Jan"]
[Result "1/2-1/2"]
[WhiteFideId "341720"]
[BlackFideId "315133"]
[WhiteElo "1836"]
[BlackElo "1948"]
[PlyCount "0"]
[WhiteTeam "Slavia Ceske Budejovice"]
[BlackTeam "Spartak Kaplice"]
[EventDate "2024.10.20"]

1. e4 d5 2. exd5 Qxd5 3. Nc3 Qd6 4. d4 Nf6 5. h3 c6 6. Nf3 Bf5 7. Bd3 Bg6 8. Bxg6 hxg6 9. Qe2 Nbd7 10. Bg5 e6 11. O-O-O Be7 12. Ne5 Nd5 13. Bxe7 Qxe7 14. Nxd5 exd5 15. Rhe1 Nxe5 16. Qxe5 Qxe5 17. Rxe5+ Kd7 1/2-1/2